Normal view
MARC view
- Kaushik, Sanjay Kapoor, Shammi Diwan, Parag
Entry Personal Name
001 - CONTROL NUMBER
- control field: 80254
003 - CONTROL NUMBER IDENTIFIER
- control field: NUST
005 - DATE AND TIME OF LATEST TRANSACTION
- control field: 20210628210627.0
008 - FIXED-LENGTH DATA ELEMENTS
- fixed length control field: 210628|| aca||aabn | a|a d
040 ## - CATALOGING SOURCE
- Original cataloging agency: NUST
- Transcribing agency: NUST
100 ## - HEADING--PERSONAL NAME
- Personal name: Kaushik, Sanjay Kapoor, Shammi Diwan, Parag
670 ## - SOURCE DATA FOUND
- Source citation: Work cat.: (NUST): Kaushik, Sanjay Kapoor, Shammi Diwan, Parag, It encyclopaedia.com,vol-9 information technology laws
